Алгоритмы определения местоположения горнопроходческого комбайна; Навигация и управление движением

Bibliographic Details
Parent link:Навигация и управление движением.— 2017.— [388-395]
Main Author: Ву Д. К. Доан Кет
Corporate Author: Национальный исследовательский Томский политехнический университет (ТПУ) Инженерная школа неразрушающего контроля и безопасности(ИШНКБ) Отделение электронной инженерии (ОЭИ)
Other Authors: Белянин Л. Н. Лев Николаевич
Summary:Заглавие с экрана
Рассматриваются алгоритмы определения географических координат горнопроходческого комбайна. При этом сначала определяются координаты комбайна в горизонтальной, географически ориентированной системе координат с началом в исходной точке, географические координаты которой известны. Затем вычисляются географические координаты комбайна. Приведены результаты численных экспериментов, подтверждающие достоверность полученных результатов.
Режим доступа: по договору с организацией-держателем ресурса
Language:Russian
Published: 2017
Series:Прикладные задачи навигации и управления движением
Subjects:
Online Access:https://elibrary.ru/item.asp?id=29086962
Format: Electronic Book Chapter
KOHA link:https://koha.lib.tpu.ru/cgi-bin/koha/opac-detail.pl?biblionumber=657367

MARC

LEADER 00000naa0a2200000 4500
001 657367
005 20250623141207.0
035 |a (RuTPU)RU\TPU\network\23869 
035 |a RU\TPU\network\23860 
090 |a 657367 
100 |a 20180125d2017 k y0rusy50 ca 
101 0 |a rus 
102 |a RU 
135 |a drcn ---uucaa 
181 0 |a i  
182 0 |a b 
200 1 |a Алгоритмы определения местоположения горнопроходческого комбайна  |f Д. К. Ву, Л. Н. Белянин 
203 |a Текст  |c электронный 
225 1 |a Прикладные задачи навигации и управления движением 
300 |a Заглавие с экрана 
320 |a [Библиогр.: с. 395 (7 назв.)] 
330 |a Рассматриваются алгоритмы определения географических координат горнопроходческого комбайна. При этом сначала определяются координаты комбайна в горизонтальной, географически ориентированной системе координат с началом в исходной точке, географические координаты которой известны. Затем вычисляются географические координаты комбайна. Приведены результаты численных экспериментов, подтверждающие достоверность полученных результатов. 
333 |a Режим доступа: по договору с организацией-держателем ресурса 
463 |t Навигация и управление движением  |o материалы ХVIII конференции молодых ученых с международным участием, Санкт-Петербург, 15-18 марта 2016 г.  |f Электроприбор ; под ред. В. Г. Пешехонов  |v [388-395]  |d 2017 
610 1 |a электронный ресурс 
610 1 |a труды учёных ТПУ 
610 1 |a алгоритмы 
610 1 |a географические координаты 
610 1 |a местоположение 
610 1 |a горнопроходческие машины 
610 1 |a комбайны 
700 1 |a Ву  |b Д. К.  |g Доан Кет 
701 1 |a Белянин  |b Л. Н.  |c специалист в области точного приборостроения  |c доцент Томского политехнического университета, кандидат технических наук  |c выпускник ТПИ 1967 г.  |f 1944-  |g Лев Николаевич  |3 (RuTPU)RU\TPU\pers\26583  |9 12266 
712 0 2 |a Национальный исследовательский Томский политехнический университет (ТПУ)  |b Инженерная школа неразрушающего контроля и безопасности(ИШНКБ)  |b Отделение электронной инженерии (ОЭИ)  |3 (RuTPU)RU\TPU\col\23507 
801 1 |a RU  |b 63413507  |c 20141010 
801 2 |a RU  |b 63413507  |c 20180125  |g RCR 
850 |a 63413507 
856 4 |u https://elibrary.ru/item.asp?id=29086962 
942 |c CF